Money, labour and land approaches to the economies of ancient Greece /

Bibliographic Details
Corporate Author: ProQuest (Firm)
Other Authors: Cartledge, Paul., Cohen, Edward E., Foxhall, Lin.
Format: Electronic eBook
Language:English
Published: London ; : Routledge, 2002.
Subjects:
Online Access:Click to View
LEADER 01340nam a2200361Ia 4500
001 EBC240639
003 MiAaPQ
005 20200520144314.0
006 m o d |
007 cr cn|||||||||
008 010508s2002 enkb sb 001 0 eng d
010 |z  2001031918 
020 |z 0415196493 
035 |a (MiAaPQ)EBC240639 
035 |a (Au-PeEL)EBL240639 
035 |a (CaPaEBR)ebr10016943 
035 |a (CaONFJC)MIL11231 
035 |a (OCoLC)936912622 
040 |a MiAaPQ  |c MiAaPQ  |d MiAaPQ 
050 4 |a HC37  |b .M66 2002 
082 0 4 |a 330.938  |2 21 
245 0 0 |a Money, labour and land  |h [electronic resource] :  |b approaches to the economies of ancient Greece /  |c edited by Paul Cartledge, Edward E. Cohen and Lin Foxhall. 
260 |a London ; :  |b Routledge,  |c 2002. 
300 |a xviii, 266 p. :  |b maps. 
504 |a Includes bibliographical references and index. 
533 |a Electronic reproduction. Ann Arbor, MI : ProQuest, 2015. Available via World Wide Web. Access may be limited to ProQuest affiliated libraries. 
651 0 |a Greece  |x Economic conditions  |y To 146 B.C. 
655 4 |a Electronic books. 
700 1 |a Cartledge, Paul. 
700 1 |a Cohen, Edward E. 
700 1 |a Foxhall, Lin. 
710 2 |a ProQuest (Firm) 
856 4 0 |u https://ebookcentral.proquest.com/lib/matrademy/detail.action?docID=240639  |z Click to View